Map Hunter - World Cities - Statistics

General Stats
  • This quiz has been taken 198,939 times
  • The average score is 37 of 60
Answers on the Map
Answers color-coded by a green-red scale on the quiz's map according to % correct below.
 
Answer Stats
City Answer % Correct
Philadelphia Philadelphia Ballpark
95%
Addis Ababa Addis Ababa Ballpark
94%
Alexandria Alexandria Ballpark
94%
Algiers Algiers Ballpark
94%
Athens Athens Ballpark
94%
Atlanta Atlanta Ballpark
94%
Bangkok Bangkok Ballpark
94%
Barcelona Barcelona Ballpark
94%
Beijing Beijing Ballpark
94%
Birmingham Birmingham Ballpark
94%
Boston Boston Ballpark
94%
Chengdu Chengdu Ballpark
94%
Chicago Chicago Ballpark
94%
Cleveland Cleveland Ballpark
94%
Dallas Dallas Ballpark
94%
Damascus Damascus Ballpark
94%
Dubai Dubai Ballpark
94%
Dusseldorf Dusseldorf Ballpark
94%
Frankfurt Frankfurt Ballpark
94%
Guangzhou Guangzhou Ballpark
94%
Hamburg Hamburg Ballpark
94%
Houston Houston Ballpark
94%
Isfahan Isfahan Ballpark
94%
Jeddah Jeddah Ballpark
94%
Kolkata Kolkata Ballpark
94%
Kuwait City Kuwait City Ballpark
94%
Kyiv Kyiv Ballpark
94%
Lima Lima Ballpark
94%
London London Ballpark
94%
Manchester Manchester Ballpark
94%
Manila Manila Ballpark
94%
Mexico City Mexico City Ballpark
94%
Miami Miami Ballpark
94%
Milan Milan Ballpark
94%
Minneapolis Minneapolis Ballpark
94%
Moscow Moscow Ballpark
94%
Mumbai Mumbai Ballpark
94%
Naples Naples Ballpark
94%
New York New York Ballpark
94%
Osaka Osaka Ballpark
94%
Phoenix Phoenix Ballpark
94%
Pyongyang Pyongyang Ballpark
94%
Rio de Janeiro Rio de Janeiro Ballpark
94%
Riyadh Riyadh Ballpark
94%
Rome Rome Ballpark
94%
San Diego San Diego Ballpark
94%
San Francisco San Francisco Ballpark
94%
São Paulo São Paulo Ballpark
94%
Seattle Seattle Ballpark
94%
Seoul Seoul Ballpark
94%
Shenyang Shenyang Ballpark
94%
St. Petersburg St. Petersburg Ballpark
94%
Sydney Sydney Ballpark
94%
Taipei Taipei Ballpark
94%
Tashkent Tashkent Ballpark
94%
Tokyo Tokyo Ballpark
94%
Toronto Toronto Ballpark
94%
Vancouver Vancouver Ballpark
94%
Washington DC Washington DC Ballpark
94%
Wuhan Wuhan Ballpark
94%
Xiamen Xiamen Ballpark
94%
Xian Xian Ballpark
94%
Yangon Yangon Ballpark
94%
Abuja Abuja Ballpark
93%
Accra Accra Ballpark
93%
Amman Amman Ballpark
93%
Ankara Ankara Ballpark
93%
Baghdad Baghdad Ballpark
93%
Baku Baku Ballpark
93%
Bamako Bamako Ballpark
93%
Bangalore Bangalore Ballpark
93%
Belo Horizonte Belo Horizonte Ballpark
93%
Berlin Berlin Ballpark
93%
Bogota Bogota Ballpark
93%
Brasilia Brasilia Ballpark
93%
Brisbane Brisbane Ballpark
93%
Buenos Aires Buenos Aires Ballpark
93%
Cairo Cairo Ballpark
93%
Cape Town Cape Town Ballpark
93%
Caracas Caracas Ballpark
93%
Casablanca Casablanca Ballpark
93%
Chennai Chennai Ballpark
93%
Chittagong Chittagong Ballpark
93%
Dakar Dakar Ballpark
93%
Denver Denver Ballpark
93%
Detroit Detroit Ballpark
93%
Dhaka Dhaka Ballpark
93%
Guatemala City Guatemala City Ballpark
93%
Guiyang Guiyang Ballpark
93%
Hangzhou Hangzhou Ballpark
93%
Hanoi Hanoi Ballpark
93%
Ho Chi Minh City Ho Chi Minh City Ballpark
93%
Istanbul Istanbul Ballpark
93%
Izmir Izmir Ballpark
93%
Jakarta Jakarta Ballpark
93%
Johannesburg Johannesburg Ballpark
93%
Kabul Kabul Ballpark
93%
Kampala Kampala Ballpark
93%
Kano Kano Ballpark
93%
Karachi Karachi Ballpark
93%
Kathmandu Kathmandu Ballpark
93%
Khartoum Khartoum Ballpark
93%
Kinshasa Kinshasa Ballpark
93%
Kuala Lumpur Kuala Lumpur Ballpark
93%
Kunming Kunming Ballpark
93%
Lagos Lagos Ballpark
93%
Lahore Lahore Ballpark
93%
Lanzhou Lanzhou Ballpark
93%
Los Angeles Los Angeles Ballpark
93%
Luanda Luanda Ballpark
93%
Madrid Madrid Ballpark
93%
Melbourne Melbourne Ballpark
93%
Monterrey Monterrey Ballpark
93%
Montreal Montreal Ballpark
93%
Nagpur Nagpur Ballpark
93%
Nairobi Nairobi Ballpark
93%
Orlando Orlando Ballpark
93%
Ouagadougou Ouagadougou Ballpark
93%
Paris Paris Ballpark
93%
Port-au-Prince Port-au-Prince Ballpark
93%
Rotterdam Rotterdam Ballpark
93%
Sanaa Sanaa Ballpark
93%
Santiago Santiago Ballpark
93%
Santo Domingo Santo Domingo Ballpark
93%
Shanghai Shanghai Ballpark
93%
Singapore Singapore Ballpark
93%
Tampa Tampa Ballpark
93%
Tehran Tehran Ballpark
93%
Athens Far
92%
Barcelona Far
92%
Busan Busan Ballpark
92%
Dar Es Salaam Dar es Salaam Ballpark
92%
Douala Douala Ballpark
92%
Guadalajara Guadalajara Ballpark
92%
Guayaquil Guayaquil Ballpark
92%
Mashhad Mashhad Ballpark
92%
Medellin Medellin Ballpark
92%
Porto Alegre Porto Alegre Ballpark
92%
Rawalpindi Rawalpindi Ballpark
92%
Rome Far
92%
The Ruhr The Ruhr Ballpark
92%
Tokyo Far
92%
Urumqi Urumqi Ballpark
92%
Yaounde Yaounde Ballpark
92%
Antananarivo Antananarivo Ballpark
91%
Curitiba Curitiba Ballpark
91%
Fortaleza Fortaleza Ballpark
91%
London Far
91%
Madrid Far
91%
Rome Close
91%
Surabaya Surabaya Ballpark
91%
Berlin Far
90%
Birmingham Far
90%
Colombo Colombo Ballpark
90%
Durban Durban Ballpark
90%
Frankfurt Far
90%
London Close
90%
Manchester Far
90%
Medan Medan Ballpark
90%
Mexico City Far
90%
Milan Far
90%
Paris Far
90%
Recife Recife Ballpark
90%
Seoul Far
90%
Tokyo Close
90%
Athens Close
89%
Hamburg Far
89%
Los Angeles Far
89%
Madrid Close
89%
Manchester Close
89%
Miami Far
89%
Naples Far
89%
New York Far
89%
Osaka Far
89%
Seoul Close
89%
Birmingham Close
88%
Cairo Far
88%
Dusseldorf Far
88%
Harbin Harbin Ballpark
88%
Kyiv Far
88%
San Francisco Far
88%
Dallas Far
87%
Dubai Far
87%
Frankfurt Close
87%
Guatemala City Far
87%
Istanbul Far
87%
Rotterdam Far
87%
Washington DC Far
87%
Cape Town Far
86%
Paris Close
86%
Bangkok Far
85%
Berlin Close
85%
Kuwait City Far
85%
Miami Close
85%
Moscow Far
85%
Houston Far
84%
Mumbai Far
84%
Naples Close
84%
Pyongyang Far
84%
Chicago Far
83%
Johannesburg Far
83%
Kyiv Close
83%
Dubai Close
82%
Dusseldorf Close
82%
Pyongyang Close
82%
Ankara Far
81%
Atlanta Far
81%
Buenos Aires Far
81%
New York Close
81%
San Diego Far
81%
Bogota Far
80%
Milan Close
80%
Osaka Close
80%
Riyadh Far
80%
Rotterdam Close
80%
Sydney Far
80%
Tehran Far
80%
Barcelona Close
79%
Cairo Close
79%
Hamburg Close
79%
Lima Far
79%
Orlando Far
79%
San Francisco Close
79%
Seattle Far
79%
Damascus Far
78%
Guatemala City Close
78%
Istanbul Close
78%
Los Angeles Close
78%
Philadelphia Far
78%
Phoenix Far
78%
Taipei Far
78%
Alexandria Far
77%
Boston Far
77%
Brasilia Far
77%
Casablanca Far
77%
Mexico City Close
77%
Tampa Far
77%
Ankara Close
76%
Dallas Close
76%
Denver Far
76%
Detroit Far
76%
Jakarta Far
76%
Rome Bullseye
76%
Washington DC Close
76%
Baghdad Far
75%
London Bullseye
75%
Orlando Close
75%
Port-au-Prince Far
75%
Singapore Far
75%
Taipei Close
75%
Bangkok Close
74%
Chicago Close
74%
Kathmandu Far
74%
Kuwait City Close
74%
Tampa Close
74%
Vancouver Far
74%
Lagos Far
73%
Manila Far
73%
St. Petersburg Far
73%
The Ruhr Far
73%
Birmingham Bullseye
72%
Santiago Far
72%
Seattle Close
72%
Toronto Far
72%
Wuhan Far
72%
Atlanta Close
71%
Bogota Close
71%
Cleveland Far
71%
Damascus Close
71%
Guadalajara Far
71%
Houston Close
71%
Manchester Bullseye
71%
Minneapolis Far
71%
Algiers Far
70%
Kabul Far
70%
Moscow Close
70%
Shanghai Far
70%
Dhaka Far
69%
Kathmandu Close
69%
Montreal Far
69%
Nairobi Far
69%
Port-au-Prince Close
69%
Caracas Far
68%
Ho Chi Minh City Far
68%
Kuwait City Bullseye
68%
Madrid Bullseye
68%
Santo Domingo Far
68%
Baku Far
67%
Cape Town Close
67%
Medellin Far
67%
Melbourne Far
67%
Phoenix Close
67%
Riyadh Close
67%
San Diego Close
67%
Vancouver Close
67%
Addis Ababa Far
66%
Baghdad Close
66%
Sydney Close
66%
Alexandria Close
65%
Boston Close
65%
Lima Close
65%
Pyongyang Bullseye
65%
Rio de Janeiro Far
65%
São Paulo Far
65%
Singapore Close
65%
Tokyo Bullseye
65%
Busan Far
64%
Dhaka Close
64%
Jeddah Far
64%
Philadelphia Close
64%
Rotterdam Bullseye
64%
The Ruhr Close
64%
Amman Far
63%
Detroit Close
63%
Guangzhou Far
63%
Kabul Close
63%
Kuala Lumpur Far
63%
Nairobi Close
63%
Tashkent Far
63%
Antananarivo Far
62%
Beijing Far
62%
Hanoi Far
62%
Lagos Close
62%
Santo Domingo Close
62%
Abuja Far
61%
Addis Ababa Close
61%
Baku Close
61%
Colombo Far
61%
Kinshasa Far
61%
St. Petersburg Close
61%
Toronto Close
61%
Xian Far
61%
Busan Close
60%
Durban Far
60%
Karachi Far
60%
Nagpur Far
60%
Antananarivo Close
59%
Buenos Aires Close
59%
Colombo Close
59%
Dakar Far
59%
Monterrey Far
59%
Accra Far
58%
Casablanca Close
58%
Frankfurt Bullseye
58%
Istanbul Bullseye
58%
Jakarta Close
58%
Khartoum Far
58%
Port-au-Prince Bullseye
58%
Tehran Close
58%
Cleveland Close
57%
Kolkata Far
57%
Minneapolis Close
57%
Singapore Bullseye
57%
Amman Close
56%
Brisbane Far
56%
Guatemala City Bullseye
56%
Hangzhou Far
56%
Ho Chi Minh City Close
56%
Naples Bullseye
56%
Ouagadougou Far
56%
Algiers Close
55%
Isfahan Far
55%
Manila Close
55%
Miami Bullseye
55%
Chengdu Far
54%
Dakar Close
54%
Denver Close
54%
Kampala Far
54%
Sanaa Far
54%
Santo Domingo Bullseye
54%
Athens Bullseye
53%
Bangkok Bullseye
53%
Colombo Bullseye
53%
Dhaka Bullseye
53%
Izmir Far
53%
Kathmandu Bullseye
53%
Lahore Far
53%
Mumbai Close
53%
Abuja Close
52%
Caracas Close
52%
Guadalajara Close
52%
Khartoum Close
52%
Kuala Lumpur Close
52%
Montreal Close
52%
Orlando Bullseye
52%
Tampa Bullseye
52%
Accra Close
51%
Johannesburg Close
51%
Medellin Close
50%
Yaounde Far
50%
Guiyang Far
49%
Luanda Far
49%
Milan Bullseye
49%
Sanaa Close
49%
Santiago Close
49%
Bamako Far
48%
Chicago Bullseye
48%
São Paulo Close
48%
Surabaya Far
48%
Dar es Salaam Far
47%
Kinshasa Close
47%
Rio de Janeiro Close
47%
Yangon Far
47%
Cairo Bullseye
46%
Guangzhou Close
46%
Paris Bullseye
46%
Busan Bullseye
45%
Hanoi Close
45%
Kano Far
45%
Melbourne Close
45%
Ouagadougou Close
45%
San Francisco Bullseye
45%
Seoul Bullseye
45%
Jeddah Close
44%
Kampala Close
44%
Vancouver Bullseye
44%
Xiamen Far
44%
Beijing Close
43%
Brasilia Close
43%
Chennai Far
43%
Shanghai Close
43%
Baghdad Bullseye
42%
Berlin Bullseye
42%
Nagpur Close
42%
New York Bullseye
42%
Tashkent Close
42%
Baku Bullseye
41%
Bangalore Far
41%
Dar es Salaam Close
41%
Boston Bullseye
40%
San Diego Bullseye
40%
St. Petersburg Bullseye
40%
Yaounde Close
40%
Guayaquil Far
39%
Izmir Close
39%
Karachi Close
39%
Kolkata Close
39%
Barcelona Bullseye
38%
Chittagong Far
38%
Detroit Bullseye
38%
Kuala Lumpur Bullseye
38%
Isfahan Close
37%
Monterrey Close
37%
Washington DC Bullseye
37%
Belo Horizonte Far
36%
Douala Far
36%
Kunming Far
36%
Los Angeles Bullseye
36%
Ouagadougou Bullseye
36%
Seattle Bullseye
36%
Amman Bullseye
35%
Cape Town Bullseye
35%
Taipei Bullseye
35%
Wuhan Close
35%
Brisbane Close
34%
Yangon Close
34%
Addis Ababa Bullseye
33%
Alexandria Bullseye
33%
Bogota Bullseye
33%
Durban Close
33%
Hamburg Bullseye
33%
Lahore Close
33%
Mashhad Far
33%
Osaka Bullseye
32%
Urumqi Far
32%
Guayaquil Close
31%
Luanda Close
31%
Manila Bullseye
31%
Recife Far
31%
Buenos Aires Bullseye
30%
Dakar Bullseye
30%
Kampala Bullseye
30%
Lanzhou Far
30%
Toronto Bullseye
30%
Abuja Bullseye
29%
Atlanta Bullseye
29%
Dubai Bullseye
29%
Hanoi Bullseye
29%
Harbin Far
29%
Kano Close
29%
Mexico City Bullseye
29%
Accra Bullseye
28%
Ankara Bullseye
28%
Bamako Close
28%
Chittagong Close
28%
Fortaleza Far
28%
Kyiv Bullseye
28%
Phoenix Bullseye
28%
Porto Alegre Far
28%
Sydney Bullseye
28%
Antananarivo Bullseye
27%
Chengdu Close
27%
Damascus Bullseye
27%
Surabaya Close
27%
Xian Close
27%
Chennai Close
26%
Guangzhou Bullseye
26%
Houston Bullseye
26%
Yaounde Bullseye
26%
Bangalore Close
25%
Curitiba Far
25%
Ho Chi Minh City Bullseye
25%
Kinshasa Bullseye
25%
Minneapolis Bullseye
25%
Philadelphia Bullseye
25%
Rawalpindi Far
25%
The Ruhr Bullseye
25%
Douala Close
24%
Johannesburg Bullseye
24%
Cleveland Bullseye
23%
Dusseldorf Bullseye
23%
Hangzhou Close
23%
Karachi Bullseye
23%
Nairobi Bullseye
23%
Melbourne Bullseye
22%
Belo Horizonte Close
21%
Guayaquil Bullseye
21%
Rio de Janeiro Bullseye
21%
Xiamen Close
21%
Dallas Bullseye
20%
Izmir Bullseye
20%
Lima Bullseye
20%
Urumqi Close
20%
Algiers Bullseye
19%
Dar es Salaam Bullseye
19%
Harbin Close
19%
Jakarta Bullseye
19%
Kolkata Bullseye
19%
Medan Far
19%
Guiyang Close
18%
Jeddah Bullseye
18%
Kabul Bullseye
18%
Moscow Bullseye
18%
Porto Alegre Close
18%
Recife Close
18%
Santiago Bullseye
18%
Kunming Close
17%
Riyadh Bullseye
17%
Yangon Bullseye
17%
Fortaleza Close
16%
Lagos Bullseye
16%
Montreal Bullseye
16%
Sanaa Bullseye
16%
São Paulo Bullseye
16%
Shanghai Bullseye
16%
Caracas Bullseye
15%
Casablanca Bullseye
15%
Curitiba Close
15%
Mumbai Bullseye
15%
Tehran Bullseye
15%
Beijing Bullseye
14%
Khartoum Bullseye
14%
Rawalpindi Close
14%
Shenyang Far
14%
Bamako Bullseye
13%
Chittagong Bullseye
13%
Guadalajara Bullseye
13%
Mashhad Close
13%
Surabaya Bullseye
13%
Brisbane Bullseye
11%
Douala Bullseye
11%
Durban Bullseye
11%
Medellin Bullseye
11%
Denver Bullseye
10%
Isfahan Bullseye
10%
Lahore Bullseye
10%
Lanzhou Close
10%
Medan Close
10%
Monterrey Bullseye
10%
Bangalore Bullseye
9%
Luanda Bullseye
9%
Nagpur Bullseye
9%
Porto Alegre Bullseye
9%
Shenyang Close
9%
Tashkent Bullseye
9%
Brasilia Bullseye
8%
Chennai Bullseye
8%
Kano Bullseye
8%
Xiamen Bullseye
7%
Hangzhou Bullseye
6%
Kunming Bullseye
6%
Recife Bullseye
6%
Chengdu Bullseye
5%
Curitiba Bullseye
5%
Harbin Bullseye
5%
Rawalpindi Bullseye
5%
Belo Horizonte Bullseye
4%
Fortaleza Bullseye
4%
Shenyang Bullseye
4%
Urumqi Bullseye
4%
Wuhan Bullseye
4%
Xian Bullseye
4%
Guiyang Bullseye
3%
Mashhad Bullseye
3%
Medan Bullseye
3%
Lanzhou Bullseye
2%
No matching quizzes found
Score Distribution
Percent of People with Each Score
Percentile by Number Answered
Your Score History
You have not taken this quiz